000
00290nam a2200109Ia 4500
008
220216s9999 xx 000 0 und d
100
_a
Mohanakumar S
245
0
_a
Analysis of farmers suicides in Kerala
260
_b
Economic and Political Weekly
_c
2006
300
_a
1553-1558
942
_c
BS
999
_c
52190
_d
52190